000 00820cam a2200313 4500500
005 20260329004607.0
041 _afre
042 _adc
100 1 0 _aRontard, Yseult
_eauthor
245 0 0 _aRepérages/Août 2020
260 _c2020.
500 _a1
690 _aAvion
690 _aBernard Williams
690 _aBruno Le Maire
690 _aClimat
690 _aDévoilement
690 _aEnvironnement
690 _aEspace
690 _aExtraterrestres
690 _aGlacier
690 _aJean Bodin
690 _aOvni
690 _aPierre Hadot
690 _aSouveraineté
690 _aVol
786 0 _nPhilosophie magazine | 141 | 8 | 2020-08-01 | p. 3-3 | 1951-1787
856 4 1 _uhttps://shs.cairn.info/magazine-philosophie-magazine-2020-8-page-3?lang=fr&redirect-ssocas=7080
999 _c1835450
_d1835450